No Hint Sorting Gallery: Literature Quiz Stats

 Plays Quiz Updated Jun 13, 2016

Challenge
Share
Tweet
Embed
Score 0/55 Timer 10:00
9 Plays Today
% Correct
A Farewell to Arms
80.5%
Dorothy
79.4%
Aragorn
79.3%
Frodo
78.4%
For Whom the Bell Tolls
78.4%
Cowardly Lion
78.3%
Gandalf
78.3%
Roo
78.2%
Piglet
78%
Boromir
77.8%
Gimli
77.8%
Tigger
77.6%
Legolas
77.5%
Scarecrow
77.4%
Eeyore
77.2%
The Lion, the Witch, and the Wardrobe
76.6%
Rabbit
76.6%
The Old Man and the Sea
75.6%
Tin Woodman
75.6%
Prince Caspian: The Return to Narnia
75.2%
Pride and Prejudice
75%
Toto
75%
Samwise
74.9%
Owl
74.8%
The Sun Also Rises
74.7%
Winnie-the-Pooh
74.7%
Kanga
74.3%
The Magician's Nephew
73.7%
% Correct
Sense and Sensibility
73%
Across the River and Into the Trees
72.7%
Meriadoc
72.5%
Dr. Jekyll
72.5%
Athos
72.1%
Aramis
71.8%
Peregrin
71.3%
Mr. Hyde
71.2%
Porthos
70%
The Voyage of the Dawn Treader
69.6%
Beth
69.2%
Harry Potter
68.8%
Northanger Abbey
68.2%
The Torrents of Spring
68.2%
Mansfield Park
68.2%
Islands in the Stream
68%
The Horse and His Boy
67.9%
To Have and Have Not
67.8%
Amy
67.3%
Jo
67.2%
Emma
65.8%
The Silver Chair
65.4%
The Garden of Eden
65.1%
The Last Battle
64.5%
Meg
63.8%
Persuasion
60.8%
True at First Light
60.3%

You're not logged in!

Compare scores with friends on all Sporcle quizzes.
OR
Log In

You Might Also Like...

Show Comments

Extras

Top Quizzes Today


Score Distribution

Your Account Isn't Verified!

In order to create a playlist on Sporcle, you need to verify the email address you used during registration. Go to your Sporcle Settings to finish the process.

Report this User

Report this user for behavior that violates our Community Guidelines.

Details: